東海道五十三次 - Statistics

General Stats
  • This quiz has been taken 143 times
  • The average score is 28 of 55
Answer Stats
番号 令制国 Answer % Correct
1 武蔵国 品川宿
95%
9 相模国 小田原宿
92%
起点 武蔵国 日本橋
91%
2 武蔵国 川崎宿
86%
29 遠江国 浜松宿
86%
10 相模国 箱根宿
84%
11 伊豆国 三島宿
83%
6 相模国 藤沢宿
81%
12 駿河国 沼津宿
81%
5 相模国 戸塚宿
77%
26 遠江国 掛川宿
77%
53 近江国 大津宿
77%
7 相模国 平塚宿
76%
3 武蔵国 神奈川宿
75%
4 武蔵国 保土ヶ谷宿
68%
8 相模国 大磯宿
68%
38 三河国 岡崎宿
68%
52 近江国 草津宿
68%
42 伊勢国 桑名宿
63%
43 伊勢国 四日市宿
63%
23 駿河国 島田宿
57%
27 遠江国 袋井宿
57%
終点 山城国 三条大橋
57%
24 遠江国 金谷宿
53%
46 伊勢国 亀山宿
53%
47 伊勢国 関宿
53%
13 駿河国 原宿
52%
15 駿河国 蒲原宿
52%
16 駿河国 由比宿
52%
22 駿河国 藤枝宿
52%
14 駿河国 吉原宿
49%
17 駿河国 興津宿
49%
39 三河国 池鯉鮒宿
47%
34 三河国 吉田宿
37%
31 遠江国 新居宿
36%
33 三河国 二川宿
35%
30 遠江国 舞阪宿
32%
40 尾張国 鳴海宿
32%
41 尾張国 宮宿
32%
37 三河国 藤川宿
31%
36 三河国 赤坂宿
29%
50 近江国 水口宿
28%
19 駿河国 府中宿
27%
35 三河国 御油宿
26%
21 駿河国 岡部宿
25%
20 駿河国 鞠子宿
23%
49 近江国 土山宿
23%
51 近江国 石部宿
23%
18 駿河国 江尻宿
22%
28 遠江国 見附宿
19%
32 遠江国 白須賀宿
17%
44 伊勢国 石薬師宿
17%
25 遠江国 日坂宿
16%
48 伊勢国 坂下宿
14%
45 伊勢国 庄野宿
11%
No matching quizzes found
Score Distribution
Percent of People with Each Score
Percentile by Number Answered
Your Score History
You have not taken this quiz